LIBRARY & INFORMATION CENTRE, KCAET, TAVANUR

ONLINE PUBLIC ACCESS CATALOGUE (OPAC)

Drying / (Record no. 765)

MARC details
000 -LEADER
fixed length control field 00456cam a2200169ua 4500
041 ## - LANGUAGE CODE
Language code of text/sound track or separate title eng
082 ## - DEWEY DECIMAL CLASSIFICATION NUMBER
Classification number 666
Item number FOR/DR
100 ## - MAIN ENTRY--AUTHOR NAME
Personal name Ford, R.W .
245 ## - TITLE STATEMENT
Title Drying /
260 ## - PUBLICATION, DISTRIBUTION, ETC. (IMPRINT)
Place of publication London :
Name of publisher Maclaren and sons ltd ,
Year of publication 1964.
300 ## - PHYSICAL DESCRIPTION
Number of Pages 62 ; .
490 0# - SERIES STATEMENT
Series statement Institute of Ceramics text book series,
Volume number/sequential designation
942 ## - ADDED ENTRY ELEMENTS (KOHA)
Koha item type Books
Holdings
Withdrawn status Lost status Damaged status Home library Current library Date acquired Full call number Accession Number Koha item type
      KAUAET KAUAET 07/04/2012 666 11529 Books
free website counter